000 00272nam a2200121Ia 4500
003 OSt
005 20250131094124.0
008 221129s9999 xx 000 0 und d
100 _aKureishi Hanif
_9498
245 4 _aThe Last Word
650 _aEnglish
_9499
942 _2ddc
_cBK
999 _c34935
_d34935